00520nam a2200145 a 450000100100000000500170001000800410002704000250006824500450009326000840013830000210022204900090024395201050025299900170035700003075120200930062505.0110527s19uu dr 000 0 spa d aDO-SdBNPbspacBNPHU00a¡Basta ya de violencia contra nosotras! a[Santo Domingo] :bCentro de Orientación e Investigación Integral,c[199?]. a[9] p. ;c21 cm. aBNPD 0010718PDaPDbPDcHDd2011-05-27iLF1l0o p30751-10r2020-06-25w2020-06-25yLFPDZNo se presta c30243d30243